header

Risk-based supervision of pension funds (Record no. 40148)

MARC details
000 -LEADER
fixed length control field 01602nam a2200397 a 4500
082 04 - DEWEY DECIMAL CLASSIFICATION NUMBER
Classification number 331.25/20681
245 00 - TITLE STATEMENT
Title Risk-based supervision of pension funds
260 ## - PUBLICATION, DISTRIBUTION, ETC. (IMPRINT)
Place of publication Washington D.C. :
Name of publisher World Bank,
Year of publication c2008.
300 ## - PHYSICAL DESCRIPTION
Number of Pages xviii, 215 p. :
Other physical details ill.
490 1# - SERIES STATEMENT
Series statement Directions in development. Finance
650 #0 - SUBJECT ADDED ENTRY--TOPICAL TERM
Topical Term Pension trusts
Topical Term Pension trusts
Topical Term Risk.
700 1# - ADDED ENTRY--PERSONAL NAME
Personal name Rocha, Roberto Rezende.
Personal name Brunner, Greg,
Personal name Hinz, Richard P.
856 40 - ELECTRONIC LOCATION AND ACCESS
Uniform Resource Identifier http://site.ebrary.com/lib/rucke/Doc?id=10231586

No items available.

© 2026 Rongo University
Contact us: librarian | system librarian | Rongo university